| 000 | 00517nam a2200193Ia 4500 | ||
|---|---|---|---|
| 003 | GCL | ||
| 008 | 140319s9999 xx 000 0 eng d | ||
| 040 |
_aGCL / _cGCL |
||
| 082 | 0 | 4 |
_a574.5 _bD R |
| 100 | 1 | _aDIWAN, A. P | |
| 245 | 1 | 0 |
_aRECENT ADVANCES IN ENVIRONMENTAL ECOLOGY / _cDIWAN, A. P |
| 700 | 1 | _aARORA, D.K | |
| 260 |
_a[S.N] : _bANIMAL PUBLICATIONS PVT LTD ، _c1995 |
||
| 650 | 0 | 4 | _aNATURAL SCIENCE |
| 650 | 0 | 4 | _aECOLOGY |
| 650 | 0 | 4 | _aARORA, D. K |
| 650 | 0 | 4 | _aENVIRONMENTAL ECOLOGY |
| 942 |
_2ddc _cBK |
||
| 999 |
_c13496 _d13496 |
||